000 00312nam a22001457a 4500
003 SGT
082 _a658.15,ADH
100 _aADHIKARY,M
245 _aMANAGERIAL ECONOMICS
250 _a3RD
260 _aNEW DELHI
_bKHOSLA PUBLISHING HOUSE
_c1997
300 _a577
650 _aMANAGEMENT
942 _2ddc
_cFCM
_01
999 _c8923
_d8923